000 00436nam a22001577a 4500
005 20260227084338.0
008 260227b |||||||| |||| 00| 0 eng d
020 _a0007101880
050 _aPS3569.H3924
_b.S54
100 _aSheldon, Sidney
245 _aThe Sky is Falling
260 _aLondon
_bHarper Collins Publisher
_c2000
300 _aiii, 394p.
650 _aWomen Television Journalists
_vTelevision News Anchors
942 _cBK
999 _c4563
_d4563